ბათუმის შოთა რუსთაველის სახელმწიფო უნივერსიტეტის ბიბლიოთეკა

ზღაპარი. 2 (ბიბ.ჩანაწერი № 51332)

000 -LEADER
fixed length control field 00807nam a2200241Ia 4500
001 - CONTROL NUMBER
control field 18301
003 - CONTROL NUMBER IDENTIFIER
control field GE_BSU
008 - FIXED-LENGTH DATA ELEMENTS--GENERAL INFORMATION
fixed length control field 181216s||||||||xx |||||||||||||| ||und||
020 ## - INTERNATIONAL STANDARD BOOK NUMBER
International Standard Book Number 9789941163173
040 ## - CATALOGING SOURCE
Transcribing agency GE_BSU
080 ## - UNIVERSAL DECIMAL CLASSIFICATION NUMBER
Universal Decimal Classification number 821.353.1-91
245 ## - TITLE STATEMENT
Title ზღაპარი. 2
245 ## - TITLE STATEMENT
Statement of responsibility, etc. შეადგ.,შესავ.წერილი და შენიშვნ.დაურთო თ.ქურდოვანიძე. რედ.ბ.ბეჟუაშვილი
260 ## - PUBLICATION, DISTRIBUTION, ETC.
Place of publication, distribution, etc. თბილისი
260 ## - PUBLICATION, DISTRIBUTION, ETC.
Name of publisher, distributor, etc. საქართველოს მაცნე
260 ## - PUBLICATION, DISTRIBUTION, ETC.
Date of publication, distribution, etc. 2013
300 ## - PHYSICAL DESCRIPTION
Extent 376გვ.21სმ.
300 ## - PHYSICAL DESCRIPTION
Accompanying material შემოკლ.გვ.365.
520 ## - SUMMARY, ETC.
Summary, etc. შენიშვნ.366-372
653 ## - INDEX TERM--UNCONTROLLED
Uncontrolled term ზღაპარი
942 ## - ADDED ENTRY ELEMENTS (KOHA)
Koha item type წიგნი
ეგზემპლარები
Withdrawn status Lost status Damaged status Not for loan Date acquired Barcode Date last seen Price effective from Koha item type
        2018-12-17 46701 2018-12-17 2018-12-17 წიგნი